Hướng dẫn thiết kế môn học chi tiết máy
সংরক্ষণ করুন:
| বিন্যাস: | গ্রন্থ |
|---|---|
| ভাষা: | Undetermined |
| প্রকাশিত: |
Hà Nội
Trường Đại học Nông nghiệp I Hà Nội
1971
|
| বিষয়গুলি: | |
| ট্যাগগুলো: |
ট্যাগ যুক্ত করুন
কোনো ট্যাগ নেই, প্রথমজন হিসাবে ট্যাগ করুন!
|
| Thư viện lưu trữ: | Trung tâm Học liệu Trường Đại học Cần Thơ |
|---|
| LEADER | 00521nam a2200157Ia 4500 | ||
|---|---|---|---|
| 001 | CTU_15958 | ||
| 008 | 210402s9999 xx 000 0 und d | ||
| 082 | |a 621.8207 | ||
| 082 | |b Tr561 | ||
| 245 | 0 | |a Hướng dẫn thiết kế môn học chi tiết máy | |
| 260 | |a Hà Nội | ||
| 260 | |b Trường Đại học Nông nghiệp I Hà Nội | ||
| 260 | |c 1971 | ||
| 650 | |a machine parts | ||
| 904 | |i Nguyễn Quang Điền, 970506 | ||
| 980 | |a Trung tâm Học liệu Trường Đại học Cần Thơ | ||